|
|
|
|
| LEADER |
00000cam a2200000 7i4500 |
| 001 |
0000083247 |
| 005 |
20190321.0 |
| 008 |
190321 |
| 020 |
|
|
|a 9789670933306 (SET)
|
| 020 |
|
|
|a 9789670933320
|
| 041 |
0 |
|
|a Malay
|
| 090 |
0 |
0 |
|a AD
|b MAL
|
| 100 |
0 |
|
|a Najihah Aarif
|
| 245 |
0 |
0 |
|a Penghuni aneh
|c Najihah Aarif
|
| 260 |
|
|
|a Selangor :
|b Penerbitan Dijaya Ehsan ,
|c 2018
|
| 300 |
|
|
|a 110p. ;
|c 19.1cm.
|
| 490 |
0 |
|
|a Siri imaginasi
|
| 500 |
|
|
|a Children ages 10-12 years old (pink)
|
| 541 |
0 |
0 |
|c Purchased on 2018
|f 00296 TSR
|h RM28.00
|
| 650 |
|
0 |
|a Children's stories, Malay
|
| 650 |
|
0 |
|a Malay fiction
|
| 650 |
|
0 |
|a Malaysian fiction (Malay)
|
| 999 |
|
|
|a 0001567900
|b Book
|c Children Collection
|e Cawangan Taman Universiti
|
| 999 |
|
|
|a 0001567901
|b Book
|c Children Collection
|e Cawangan Pontian
|
| 999 |
|
|
|a 0001567903
|b Book
|c Children Collection
|e Cawangan Taman Sri Lambak
|
| 999 |
|
|
|a 0001567904
|b Book
|c Children Collection
|e Cawangan Mersing
|
| 999 |
|
|
|a 0001567905
|b Book
|c Children Collection
|e Cawangan Tmn. Ungku Tun Aminah
|
| 999 |
|
|
|a 0001567906
|b Book
|c Children Collection
|e Cawangan Bukit Gambir
|
| 999 |
|
|
|a 0001567907
|b Book
|c Children Collection
|e Cawangan Tangkak
|
| 999 |
|
|
|a 0001567908
|b Book
|c Children Collection
|e Cawangan Segamat
|
| 999 |
|
|
|a 0001567909
|b Book
|c Children Collection
|e Cawangan Bandar Penawar
|
| 999 |
|
|
|a 0001567910
|b Book
|c Children Collection
|e Cawangan Bandar Tenggara
|
| 999 |
|
|
|a 0001567911
|b Book
|c Children Collection
|e Cawangan Muar
|
| 999 |
|
|
|a 0001567912
|b Book
|c Children Collection
|e Cawangan Batu Pahat
|
| 999 |
|
|
|a 0001567913
|b Book
|c Children Collection
|e Cawangan Kota Tinggi
|
| 999 |
|
|
|a 0001568040
|b Book
|c Children Collection
|e Perbadanan Perpustakaan Awam Johor
|
| 999 |
|
|
|a 0001568041
|b Book
|c Children Collection
|e Cawangan Urban Transformation Centre
|
| 999 |
|
|
|a 0001568042
|b Book
|c Children Collection
|e Cawangan AEON Kulaijaya
|
| 999 |
|
|
|a 0015967900
|b Book
|c Children Collection
|e Cawangan Taman Universiti
|